Pentecost is dynamite. (Record no. 14162)

000 -LEADER
fixed length control field 00530nam a2200181 a 4500
001 - CONTROL NUMBER
control field :::00011986$&:&@@
003 - CONTROL NUMBER IDENTIFIER
control field OkBaRHE
005 - DATE AND TIME OF LATEST TRANSACTION
control field 20000607103414.0
008 - FIXED-LENGTH DATA ELEMENTS--GENERAL INFORMATION
fixed length control field s1972 j 000 0 eng u
040 ## - CATALOGING SOURCE
Transcribing agency
100 1# - MAIN ENTRY--PERSONAL NAME
Personal name Richards, W. T. H.
245 10 - TITLE STATEMENT
Title Pentecost is dynamite.
260 ## - PUBLICATION, DISTRIBUTION, ETC. (IMPRINT)
Place of publication, distribution, etc Nashville, TN., :
Name of publisher, distributor, etc Abingdon Press
Date of publication, distribution, etc c1972
300 ## - PHYSICAL DESCRIPTION
Extent 94 p. ;
Dimensions 18 cm.
650 ## - SUBJECT ADDED ENTRY--TOPICAL TERM
Topical term or geographic name as entry element Pentecostalism
942 ## - ADDED ENTRY ELEMENTS (KOHA)
Source of classification or shelving scheme
Koha item type Books
Copies
Withdrawn status Koha item type Full call number Date last seen Lost status Date acquired Shelving location Permanent Location Not for loan Price effective from Source of classification or shelving scheme Damaged status Barcode Copy number
 BooksBX 8763 .R5P42010-04-14 2010-04-14General StacksRHEMA Bible Training College 2010-04-14  119861